00798nam a2200229 a 4500001000900000005001700009008004100026020001500067040001300082050002200095100003400117245005600151260006200207300003200269500003800301504003100339650003300370650003800403942001100441999001300452952010300465BRCA_90820190320203212.0960424s1995 mx-a---##b---#000-0#spa-# a9687535377 aDLCcDLC 4aNK7114b.R85 19951 aRuiz de Esparza, José9301110aEl México de oro y platacJosé Ruiz de Esparza. aMéxicobCiencia y Cultura Latinoamérica : AXAc[1995] a167 p.bil. a colorc30 cm. aIncluye índice de ilustraciones aBibliografía: p. 164-16714aOrfebreríazMéxico9301214aTrabajos en platazMéxico92771 2lcccB c801d801 00104070aBRCAbBRCAd2008-06-26l0oNK7114 .R85 1995p01381r2019-03-22 00:00:00w2019-03-22yB